MDQL
is popping MORE tags! Check the
thread
!
Quizzes
Events
Quiz Creation
Community
Videos
Private Events
Remove Ads
Sign In
Join for FREE
Feedback
Dark Mode
Quiz Categories
Sports
Geography
Music
Movies
Television
Just For Fun
Miscellaneous
History
Literature
Language
Science
Gaming
Entertainment
Religion
Holiday
For Kids
Quiz Lab
Recent
Popular Today
Quiz Kudos Today
Editor Picks
Curator Picks
Quizzes by...
Day
Popularity
Type
Ratings
Length
Year
Community
Subscriptions
Recent Discussions
Orange Saloon
Badges
Playlists
Quests
Create
Leaderboards
Showdown
Live 5
Trivia Bingo
Activity
Puzzle Library
Sporcle Events
Private Events
Virtual Trivia
Globe League
Become a Host
Pub Owners
SporcleCon
Opinionation
Our Games
Videos
Blog
Mobile Apps
Partnerships
Remove Ads and Go Orange
Feedback
Television
TV Characters
TV Show
Sitcom
Network
Friends
Reality Shows
Cast
South Park
Star Trek
The Simpsons
Doctor Who
Television
TV Characters
TV Show
Sitcom
Network
Friends
Reality Shows
Cast
South Park
Star Trek
The Simpsons
Doctor Who
Random Quiz
Search Sporcle
×
Quiz Lab
Quiz Lab
Television
hard
Type in answers that appear in a list
Type in answers that appear in a list
Classic
Best Score? Go Orange.
The Office Really Hard Stats
Can you name the obscure facts of the office?
By
Noelholland
5m
16 Questions
346 Plays
346 Plays
346 Plays
Comments
Comments
Give Quiz Kudos
Give Quiz Kudos
-
- Ratings
hide this ad
Replay
Link that replays current quiz
Next Quiz
Link to next quiz in quiz playlist
You Got
0%
They Got
Avg Score
36%
Avg Friend Score
Upgrade to see
Score Distribution
Jump to the score distribution portion of the page
Score
0/16
Timer
05:00
0
Plays Today
Hint
Answer
% Correct
At whom's concert does Michael do drugs?
Alicia Keys
82.4%
How many episodes did Jo appear in during the 6th season?
4
76.3%
According to Michael, what number is china?
8
63.9%
How many acres is Dwight's beet farm?
60
54.9%
What is the First and Last name of the former convict?
Martin Nash
47.4%
In what episode is Todd Packer's name first mentioned?
Pilot
43.6%
What is the name of Michael's stepfather?
Jeff
40.2%
What is the location of the house David Wallace puts up for auction in Crime Aid?
Martha's Vineyard
35.5%
Hint
Answer
% Correct
According to Michael, why does he sleep on the bench in front of the bed?
Jan has space issues
29.5%
Where do Karen and Jim go for a Drink after Karen's first day in Scranton?
Cooper's
26%
In what episode does Andy say: 'Feel you Dog?'
The Return
23.4%
What is the only character whose actor appeared twice in The Office in two different roles?
Nick
21.1%
What 2 other song parodies does Michael claim to have done in the episode Goodbye Toby?
Beers in Heaven, Total Eclipse of the Fart
20.2%
In what episode does Toby first tell of his dream to move to Costa Rica?
Branch Closing
10.4%
What is Dwight's third question to Ryan in his Barn?
What is the Dharma Initiative?
7.8%
What are the first words uttered in The Coup?
I'm Hungry
6.1%
Quiz Playlist
Details
Report
Send in Message
Add To Playlist
Classic:
Type in answers that appear in a list
Last Updated: Feb 16, 2017
Quiz Scoreboard
CHALLENGE
Sign Up to Join the Scoreboard
Show All
Scores
Hide
Comments
May contain spoilers
Recently Published
Street Fighter Characters
by Artimus82
Gaming
60s
9x9 Crossword: Cartoon Network
by jackfrog10
Miscellaneous
3m
College Basketball Coaching Resumes
by pancakes188
Sports
9m
More to Explore
Quiz From the Vault
Featured Blog Post
Where Did the Easter Bunny Come From?
hide this ad
You Might Also Like...
Tags
hard
obscure
office
Today's Top Quizzes in Television
Browse Television
hide this ad
Today's Top Quizzes in hard
Browse hard
Top Contributed Quizzes in Television
1
5-to-1: The Simpsons Families
2
Adjectives in 80s TV Shows
3
Adjectives in 00s TV Shows
4
Survivor Journey Challenge
5
5-to-1: Television Doctors
6
7-to-1: TV Show Settings
7
Adjectives in 10s TV Shows
8
5-to-1: Streaming Originals
9
Survivor Seasons
10
Adjectives in 70s TV Shows
Explore More
Trending Topics
Kpop
Anime
Crossword
Disney
Marvel
Harry Potter
NBA
Song
The Office
NFL
Country
WWE
Soccer
Puzzle
Pokémon
hide this ad
More By:
Noelholland
Quiz
Plays
Rating
Category
Featured
Created
History and Geography Facts Chain 4
485
3.00
History
Feb 23, 2011
The Office Really Hard
346
2.33
Television
Jan 12, 2011
Go to Creator's Profile
Score Distribution
Quiz Creator Spotlight
Noelholland
Follow
Send a Message
Quizzes Created
-
Created Quiz Play Count
-
More By This Creator
Popular Quizzes Today
1
Find the US States - No Outlines Minefield
2
Find the Countries of Europe - No Outlines Minefield
3
The Countries of the World
4
Find the US States
5
Risky Map Clicking: Biggest States A-Z
6
US States
7
Popular People in 1961
8
Movies - When Are They Set?
More Television Quizzes
2000s: Animated Series
Published
Trending Quizzes
Risky Map Clicking: Least Populous States A-Z
Countries of the World: 200 Million BC
1-10 Letter G Words
Risky Map Clicking: Next State Alphabetically
Adjectives in 80s TV Shows
Recently Updated
Leaping Animals
pecheneg
Reality TV Shows (A-Z)
bhenderson79
Rickey Henderson's Hall of Fame Teammates
pecheneg
Champions League XIs: Arsenal
pecheneg
Quick Pick: Celebrities in WWE's Hall of Fame
aduchscher
A-Z Keypad Blitz II
pecheneg
Multiple Oscar Actors
pecheneg
Mystery Phrase Blitz: Oscar 'Best Actors'
pecheneg
F. Scott Fitzgerald Novels
LTH
Pick 3 Villains
ddd62291
Trending Topics
Marvel
Anime
Disney
Crossword
NBA
Harry Potter
Kpop
Puzzle
NFL
Pokémon
Soccer
The Office
Song
WWE
Country
Your Account Isn't Verified!
In order to create a playlist on Sporcle, you need to verify the email address you used during registration. Go to your
Sporcle Settings
to finish the process.
Report this User
Report this user for behavior that violates our
Community Guidelines
.
Details:
Send Report
Go to the Sporcle.com Mobile Site →
Comments